Responses for Show #1305 - Friday, April 13, 1990

Contestants

[<< previous game]

Jim Devlin, a computer programmer from Bakersfield, California

Bob Mahoney, a public affairs officer originally from Melrose, Massachusetts

Jeff Liebowitz, an attorney and writer from Marina del Rey, California (whose 1-day cash winnings total $9,801)

[next game >>]

Jeopardy! Round responses

THE 1940s
(Alex: What a decade!)
HERBS & SPICES
SPORTS
SONG LYRICS
INSECTS
ONOMAPOETIC WORDS
    $100 12
mobile phones (car telephones)

Bob
    $100 18
pepper

Jeff
    $100 3
a goalie

Jim
    $100 16
(Jeff: What is "I am woman, you are man?")
(Jim: What is "You are a woman, I am man?")
(Alex: Jim's response is acceptable; Jeff was trying to make it sound like the Helen Reddy song.)

man

JeffJim
    $100 6
butterflies

Jim
    $200 13
The Naked and the Dead

Jeff
    $200 20
ginger

Jim
    $200 4
a gauntlet

Bob
    $200 15
your heart

Jeff
    $200 7
Mexican jumping beans

Jim
    $300 19
Howard Hughes

Jim
    $300 21
dill

Jim
    $300 5
zebras

Jim
    $300 1
rose

Jeff
    $300 8
pupa

Bob
    $400 24
Tojo

Jeff
    $400 22
(Alex: We have a minute to go, Jim.)

mocha

Triple Stumper
    $400 10
(Jeff: What is a javelin?)

arrow

Jeff
Triple Stumper
    $400 2
the American national anthem ("The Star-Spangled Banner")

Bob
    $400 9
ant & grasshopper

Bob
    $400 26
(Jeff: What is to wallop?)

thwack

Jeff
Triple Stumper
    $1,000 25
Vidkun Quisling

Jeff
    $500 23
sage

Jeff
    $500 11
squash

Triple Stumper
    $500 14
emotion

Jeff
    $500 17
inchworm

Jim
    $500 27
(Bob: What is a bleat?)
[end-of-round signal sounds]

moo

Bob
Triple Stumper

Scores at the first commercial break (after clue 13):

Jeff Bob Jim
$100 $1,400 $700

Scores at the end of the Jeopardy! Round:

Jeff Bob Jim
$2,300 $900 $2,100

Double Jeopardy! Round responses

U.S.A.
BRITISH ROYALTY
LITERARY QUOTES
FLAGS
MOVIE DIRECTORS
SIGMUND FREUD
    $200 5
Alaska

Jeff
    $200 12
Charles and Diana

Bob
    $200 25
imitation

Jeff
    $200 13
Quebec

Bob
    $200 10
Stan Laurel

Jeff
    $400 4
Cape Cod

Bob
    $400 15
Victoria

Jeff
    $400 11
The Tale of Peter Rabbit

Jim
    $400 14
New Mexico

Jeff
    $400 7
Woody Allen

Jeff
    $400 26
(Jim: What is the superego?)

ego

BobJim
    $1,500 3
(Bob: I'm at a total loss.)
(Alex: Huron, Ontario, Michigan, Erie & Superior.)

the Great Lakes

Bob
    $600 16
Edward

Jim
    $600 19
the elephant

Triple Stumper
    $1,000 20
(Jeff: What is South Africa?)

Liberia

Jeff
    $600 6
Lawrence Kasdan

Bob
    $600 27
[end-of-round signal sounds]

hypnosis

Jeff
    $800 1
anthracite (hard coal)

Bob
    $800 17
Charles I

Jeff
    $800 21
(Alex: Minute to go.)

had 'em

Triple Stumper
    $800 23
(Jim: Who was Garibaldi?)

Napoleon

Jim
Triple Stumper
    $800 8
Brian De Palma

Jeff
    $1000 2
Connecticut River

Bob
    $1000 18
(Bob: What is the 2nd?)

the 5th

JeffBob
    $1000 22
Stendhal (Henri Boyle)

Bob
    $1000 24
Germany

Bob
    $1000 9
George Roy Hill

Jeff

Scores at the end of the Double Jeopardy! Round:

Jeff Bob Jim
$7,300 $4,000 $1,900

[wagering suggestions for these scores]

Final Jeopardy! Round responses

THE BIBLE
JimWho was DAVID?
$1,899
BobWho was DAVID?
$3,995
JeffWho is David
$701
Samson

Final scores:

Jeff Bob Jim
$6,599 $5 $1
2-day champion: $16,400 2nd place: Trip to Radisson Palm Springs Resort & Pinseeker golf clubs 3rd place: Bernardaud Limoges Rhapsody 4-piece place settings

Game dynamics:

Coryat scores:

Jeff Bob Jim
$7,800 $5,500 $1,900
19 R
(including 1 DD),
4 W
(including 1 DD)
14 R,
3 W
(including 1 DD)
11 R,
2 W

Combined Coryat: $15,200

[game clues] [game scores] [suggest correction]

Game tape date: 1989-11-14
The J! Archive is created by fans, for fans. Scraping, republication, monetization, and malicious use prohibited; this site may use cookies and collect identifying information. See terms. The Jeopardy! game show and all elements thereof, including but not limited to copyright and trademark thereto, are the property of Jeopardy Productions, Inc. and are protected under law. This website is not affiliated with, sponsored by, or operated by Jeopardy Productions, Inc. Join the discussion at JBoard.tv.